000 00678cab a2200253 4500
001 WB3511-09
008 090401t1999 xxu||||| |||| 00| 0 eng d
035 _a(Sirsi) u92161
041 _aeng
245 _aCommercial property in Scotland
260 _c1999
350 _a0
490 _aScotsman
_vSupplement, 16 March 1999 (16) LOAN
650 _aCITY CENTRES
650 _aBUILT ENVIRONMENT
650 _aFOREIGN INVESTMENT
650 _aHOTEL MARKET
650 _aMIPIM
650 _aPROPERTY-COMMERCIAL PROPERTY-OFFICE PROPERTY-OFFICE PROPERTY MARKET
650 _aSCOTLAND
690 _aPROPERTY-COMMERCIAL PROPERTY
942 _n0
948 _c17/03/1999
999 _c58432
_d58432